| 000 | 00803cam a2200241 a 4500 | ||
|---|---|---|---|
| 005 | 20131009055142.0 | ||
| 008 | 881107s1988 gw a b 000 0 ger | ||
| 020 | _a0387500138 (U.S.) : | ||
| 041 | 0 | _ager | |
| 080 | _a007.52 | ||
| 100 | 1 |
_aWolf, Ernst, _cDipl.-Ing. |
|
| 245 | 1 | 0 |
_aBestücken von Leiterplatten mit Industrierobotern / _cErnst Wolf. |
| 260 |
_aBerlin ; _aNew York : _bSpringer, _c1988. |
||
| 300 |
_a132 p. : _b63 ill. ; _c21 cm. |
||
| 440 | 0 |
_aIPA-IAO Forschung und Praxis ; _vBd. 121 |
|
| 500 | _aVorwort f. : [VII] | ||
| 504 | _aBibliography: p. [123]-132. | ||
| 650 | 0 |
_aQarqet elektornike _xProjektimi dhe ndërtimi _xAutomatët |
|
| 650 | 0 | _xRobotët | |
| 650 | 0 | _2Automatët | |
| 942 |
_2udc _cBK |
||
| 999 |
_c70 _d70 |
||